000 01016cad a22002055a 4500
001 L155012
008 120217s2012 xxk f 000 0 eng d
035 _a(Sirsi) u155012
041 0 _aeng
110 2 _aUnited Kingdom
_bDepartment for Energy and Climate Change
_95697
245 0 0 _aFeed-in tariffs
_bimportant update, 9 February 2012
260 _aLondon
_bDECC
_c2012
520 _aFeed-in Tariffs Comprehensive Review documents. In addition to the FIT Phase I Consultation two separate consultations are also published; Consultation on Comprehensive Review Phase 2A: Solar PV cost control and Consultation on Comprehensive Review Phase 2B: Tariffs for non-PV technologies and scheme administration issues.
590 _aKA NTK
651 4 _aUnited Kingdom
_y
690 _aSustainability
_96271
690 _aEnergy
_96237
856 4 0 _uhttps://www.decc.gov.uk/en/content/cms/meeting_energy/Renewable_ener/feedin_tariff/feedin_tariff.aspx
_zView the documents free of charge at www.decc.gov.uk
942 _n0
999 _c113284
_d113284